00562 a2200157 4500003000500000038000600005082001000011100002000021245011400041260003200155300003300187500006700220563000600287700005400293856005700347NUST aa aBEE-5 aMuhammad Yaqoob aDevelopment of low cost, efficient, multipurpose haptic feedback system for a surgical robotcMuhammad Yaqoob aIslamabadbNUST-SEECSc2012 a51p.b;ill.c;27cm.+eCD ROM aSupervisors:Dr. Sohail Iqbal, Dr. yasar Ayaz, Ms. Mehrin Kiani aa aSardar Rushan Sher Qaisrani, Muhammad Waqas Tariq uhttp://10.250.8.41:8080/xmlui/handle/123456789/10504